|
|
แสดงรายละเอียดบรรณานุกรม |
|
|
Brief Record
: Get Marc (ISO 2709)
: E-mail record
: |
| LEADER 00000nama 2200000uu 4500 | |||
| 008 040531s2536 th m m a000 0 tha d | |||
| 020 974-79 -330-8 | |||
| 041 tha | |||
| 050 W76 ส691น 2536 | |||
| 100 สำนักงานคณะกรรมการการสาธารณสุข กระทรวงสาธารณสุข | |||
| 245 แนวทางการนิเทศงานสาธาณรสุขมูลฐาน สำหรับเจ้าหน้าที่สาธาณรสุขระดับจังหวัด อำเภอ ตำบล/สำนักงานคณะกรรมการการสาธารณสุขมูลฐาน กระทรวงสาธารณสุข 001 | |||
| 260 กรุงเทพฯ องค์การสงเคราะห์ทหารผ่านศึก 2536 | |||
| 300 95 หน้า | |||
| 650 บุคลากรสาธาณรสุข การพัฒนา การนิเทศชื่อเรื่อง | |||
| 998 1999-02-02 | |||
| คุณยังไม่ได้ล็อกอิน คุณสามารถมีกิจกรรมร่วมกับเว็บไซต์ได้ แต่ต้องล็อกอินก่อน :: |
|
| สถานะ | |||||||||
| 1. | หนังสือทั่วไป | W76 ส691น 2536 | On Shelf ขอยืม | ||||||
| 2. | หนังสือทั่วไป | W76 ส691น 2536 | On Shelf ขอยืม | ||||||
| [แสดง 2/2 รายการ] | |||||||||
BibComment |
| คอมเมนท์ทรัพยากรรายการนี้ |
|
|